000 00684nam a2200289Ia 4500
005 20260324112011.0
008 008 260324s9999 xx 000 0 eng d
020 _a9781003531715
037 _aEBOOK
040 _aCRL
040 _beng
040 _cCRL
041 _2eng
041 _aeng
084 _qCRL
100 _aMario Baumann
_91140896
245 0 _aHow the EU and Russia Narrate the World
245 0 _bStruggling for Recognition
260 _bTaylor and Francis
260 _c2025
365 _a
365 _b230
856 _uhttp://www.taylorfrancis.com/books/9781003531715
942 _cEBOOK
999 _c1729915
_d1729915